01483nam a22003857a 4500003000500000005001700005008004100022010001000063011001000073035001000083040000900093090001000102100005000112245014400162260003900306300003000345502009300375590003700468590004100505590004100546590004100587590004100628590004100669590004200710650002600752650001800778650002000796650004300816650003500859901000700894942001000901949004200911999001700953952012700970CHAP20220329134238.0971013s1977 r 00010 d a17521 a18493 a22578 cCHAP aTesis00aHurtado Mendialdúa, Daniel Víctor.956987 aEfectos diversos tratamientos sobre germinación y principios de desarrollo en el nogal pecanero (Carya illinoensis koch), Monterrey, N.L. aMonterrey, N.L. :bEl Autor,c1977 a98 h.b: ilus. ; gráfs. aTesis (Ing. Agr. en Producción) -- ITESM. Div. de Ciencias Agropecuarias y Marítimas aALEPHb10c20130110lUCH01h1240 aBATCH-UPDb10c20130110lUCH01h0223 aBATCH-UPDb10c20130110lUCH01h1057 aBATCH-UPDb10c20130409lUCH01h2244 aBATCH-UPDb10c20130410lUCH01h1031 aBATCH-UPDb10c20130914lUCH01h1540 aCONVERSIONb10c20130109lUCH01h131114aGerminación.94775514aNogal.98154414aPecán.98648414aPlantasxCrecimientoxAditivos.98880414aSemillasxRendimiento.9103930 aBK cTESIS bBCcTESd-52904eTS1h36044i22578sb c17521d17521 00102local4051708TESISaBCbBCcPA_TESISd2019-12-31fTESISl0oTesisp-52904r2019-12-31 00:00:00w2019-12-31yTESIS